LIBRARY ONLINE CATALOGUE

God remembers : (Record no. 21640)

MARC details
000 -LEADER
fixed length control field 01025cam a2200337 i 4500
001 - CONTROL NUMBER
control field 3701518
003 - CONTROL NUMBER IDENTIFIER
control field OSt
005 - DATE AND TIME OF LATEST TRANSACTION
control field 20260525152803.0
008 - FIXED-LENGTH DATA ELEMENTS--GENERAL INFORMATION
fixed length control field 791023t19791965oru b 001 0 eng
010 ## - LIBRARY OF CONGRESS CONTROL NUMBER
LC control number 79088530
020 ## - INTERNATIONAL STANDARD BOOK NUMBER
International Standard Book Number 0930014332 :
Terms of availability $12.95
020 ## - INTERNATIONAL STANDARD BOOK NUMBER
International Standard Book Number 9780930014339
035 ## - SYSTEM CONTROL NUMBER
System control number 3701518
040 ## - CATALOGING SOURCE
Original cataloging agency DLC
Transcribing agency DLC
Modifying agency DLC
050 00 - LIBRARY OF CONGRESS CALL NUMBER
Classification number BS1665
Item number .F4 1979
082 00 - DEWEY DECIMAL CLASSIFICATION NUMBER
Classification number 224/.98/077
100 1# - MAIN ENTRY--PERSONAL NAME
Personal name Feinberg, Charles Lee.
245 10 - TITLE STATEMENT
Title God remembers :
Remainder of title a study of Zechariah /
Statement of responsibility, etc. by Charles L. Feinberg.
250 ## - EDITION STATEMENT
Edition statement 4th ed.
260 ## - PUBLICATION, DISTRIBUTION, ETC. (IMPRINT)
Place of publication, distribution, etc. Portland, Or. :
Name of publisher, distributor, etc. Multnomah Press,
Date of publication, distribution, etc. 1979, c1965.
300 ## - PHYSICAL DESCRIPTION
Extent viii, 229 p. ;
Dimensions 23 cm.
336 ## - CONTENT TYPE
Content type term text
Content type code txt
Source rdacontent
337 ## - MEDIA TYPE
Media type term unmediated
Media type code n
Source rdamedia
338 ## - CARRIER TYPE
Carrier type term volume
Carrier type code nc
Source rdacarrier
500 ## - GENERAL NOTE
General note Includes index.
504 ## - BIBLIOGRAPHY, ETC. NOTE
Bibliography, etc Bibliography: p. 227-229.
630 00 - SUBJECT ADDED ENTRY--UNIFORM TITLE
Uniform title Bible.
Name of part/section of a work Zechariah
General subdivision Commentaries.
906 ## - LOCAL DATA ELEMENT F, LDF (RLIN)
a 7
b cbc
c orignew
d 2
e opcn
f 19
g y-gencatlg
942 ## - ADDED ENTRY ELEMENTS (KOHA)
Source of classification or shelving scheme Library of Congress Classification
Koha item type General Collection
Holdings
Withdrawn status Lost status Source of classification or shelving scheme Not for loan Home library Current library Shelving location Date acquired Source of acquisition Inventory number Total Checkouts Full call number Barcode Date last seen Copy number Price effective from Koha item type
    Library of Congress Classification   Kabarak, Main Campus Kabarak, Main Campus General Stacks 25/05/2026 Donation 2026/3892   BS1665 .F4 1979 C.1 38015 25/05/2026 C.1 25/05/2026 General Collection